Тромбозы в травматологии и ортопедии учебное пособие
В учебном пособии представлена актуальная информация об особенностях диагностики, профилактики и лечения тромбозов у пациентов травматолого-ортопедического профиля. Главная задача книги — продемонстрировать весь спектр решений проблемы тромбозов. Приведены клинические примеры различных вар...
Збережено в:
| Автор: | |
|---|---|
| Формат: | Книга |
| Онлайн доступ: | https://www.studentlibrary.ru/book/ISBN9785970472958.html |
| Теги: |
Додати тег
Немає тегів, Будьте першим, хто поставить тег для цього запису!
|
| LEADER | 02700nam a2200241 4500 | ||
|---|---|---|---|
| 001 | book/ISBN9785970472958 | ||
| 005 | 20250903142001.0 | ||
| 010 | |a 978-5-9704-7295-8 | ||
| 100 | |a 20221004c2023 u y0rusy50 ca | ||
| 101 | | | |a rus | |
| 102 | |a RU | ||
| 105 | |a ||||||||000yy | ||
| 200 | 1 | |a Тромбозы в травматологии и ортопедии |e учебное пособие |f Егиазарян К. А., Ершов Д. С. | |
| 210 | 1 | |a Москва |c ГЭОТАР-Медиа |d 2023 | |
| 215 | |a 120 c. | ||
| 330 | |a В учебном пособии представлена актуальная информация об особенностях диагностики, профилактики и лечения тромбозов у пациентов травматолого-ортопедического профиля. Главная задача книги — продемонстрировать весь спектр решений проблемы тромбозов. Приведены клинические примеры различных вариантов тромбозов с комментариями авторов. Освещены современные принципы ведения пациентов с тромбозом. Уделено внимание безопасности лечения пациентов, в том числе возможностям купирования эффекта антикоагулянтов при неотложных состояниях, а также при планировании нейроаксиальной анестезии. Издание рекомендовано обучающимся в медицинских вузах по специальности «Травматология и ортопедия», а также будет полезно травматологам-ортопедам. Права на данное издание принадлежат ООО Издательская группа «ГЭОТАР-Медиа». Воспроизведение и распространение в каком бы то ни было виде части или целого издания не могут быть осуществлены без письменного разрешения ООО Издательская группа «ГЭОТАР-Медиа». | ||
| 675 | |a 616-001-005.6(075.8) | ||
| 686 | |a 54.581,35я73-1 |2 rubbk | ||
| 700 | 1 | |a Егиазарян |b К.А. | |
| 701 | 1 | |a Ершов |b Д.С. | |
| 801 | 0 | |a RU |b Geotar |c 20221004 |g RCR |2 rusmarc | |
| 801 | 1 | |a RU |b Geotar |c 20221004 | |
| 856 | 4 | |u https://www.studentlibrary.ru/book/ISBN9785970472958.html | |